|
|
|
|
| LEADER |
02808nam a22005055i 4500 |
| 001 |
978-0-387-69947-9 |
| 003 |
DE-He213 |
| 005 |
20151204142440.0 |
| 007 |
cr nn 008mamaa |
| 008 |
100301s2007 xxu| s |||| 0|eng d |
| 020 |
|
|
|a 9780387699479
|9 978-0-387-69947-9
|
| 024 |
7 |
|
|a 10.1007/978-0-387-69947-9
|2 doi
|
| 040 |
|
|
|d GrThAP
|
| 050 |
|
4 |
|a QC178
|
| 050 |
|
4 |
|a QC173.5-173.65
|
| 072 |
|
7 |
|a PHDV
|2 bicssc
|
| 072 |
|
7 |
|a PHR
|2 bicssc
|
| 072 |
|
7 |
|a SCI033000
|2 bisacsh
|
| 082 |
0 |
4 |
|a 530.1
|2 23
|
| 245 |
1 |
0 |
|a Einstein’s Space-Time
|h [electronic resource] :
|b An Introduction to Special and General Relativity /
|c edited by Rafael Ferraro.
|
| 264 |
|
1 |
|a New York, NY :
|b Springer New York,
|c 2007.
|
| 300 |
|
|
|a XVIII, 310 p.
|b online resource.
|
| 336 |
|
|
|a text
|b txt
|2 rdacontent
|
| 337 |
|
|
|a computer
|b c
|2 rdamedia
|
| 338 |
|
|
|a online resource
|b cr
|2 rdacarrier
|
| 347 |
|
|
|a text file
|b PDF
|2 rda
|
| 505 |
0 |
|
|a Space and Time Before Einstein -- In Search of the Ether -- Space and Time in Special Relativity -- Geometric Structure of Space-Time -- Transformation of the Electromagnetic Field -- Energy and Momentum -- Covariant Formulation -- Inertia and Gravity -- Results of General Relativity.
|
| 520 |
|
|
|a Einstein's Space-Time: An Introduction to Special and General Relativity is a textbook addressed to students in physics and other people interested in Relativity and a history of physics. The book contains a complete account of Special Relativity that begins with the historical analysis of the reasons that led to a change in our manner of regarding the space and time. The first chapters are aimed to afford a deep understanding of the relativistic spacetime and its consequences for Dynamics. The chapter about covariant formulation includes among its topics the concepts of volume and hypersurfaces in manifolds, energy-momentum tensor of a fluid, and prepares the language for General Relativity. The last two chapters are devoted to an introduction of General Relativity and Cosmology in a modern approach connected with the latest discoveries in these areas.
|
| 650 |
|
0 |
|a Physics.
|
| 650 |
|
0 |
|a Gravitation.
|
| 650 |
|
0 |
|a Astronomy.
|
| 650 |
|
0 |
|a Astrophysics.
|
| 650 |
|
0 |
|a Cosmology.
|
| 650 |
1 |
4 |
|a Physics.
|
| 650 |
2 |
4 |
|a Classical and Quantum Gravitation, Relativity Theory.
|
| 650 |
2 |
4 |
|a Astronomy, Astrophysics and Cosmology.
|
| 650 |
2 |
4 |
|a Astrophysics and Astroparticles.
|
| 650 |
2 |
4 |
|a History and Philosophical Foundations of Physics.
|
| 700 |
1 |
|
|a Ferraro, Rafael.
|e editor.
|
| 710 |
2 |
|
|a SpringerLink (Online service)
|
| 773 |
0 |
|
|t Springer eBooks
|
| 776 |
0 |
8 |
|i Printed edition:
|z 9780387699462
|
| 856 |
4 |
0 |
|u http://dx.doi.org/10.1007/978-0-387-69947-9
|z Full Text via HEAL-Link
|
| 912 |
|
|
|a ZDB-2-PHA
|
| 950 |
|
|
|a Physics and Astronomy (Springer-11651)
|